Příprava programů pro tabelátor ARITMA 320. Díl 2 /

Hlavní autor: Kolář, Jaroslav
Jazyk: Čeština
Vydáno: Praha : Aritma, 1964
Fyzický popis: 331 s., 1 příl.
Knihy
Uloženo v:
LEADER 00653nam a2200193 a 4500
001 000652574
003 CZ BrMZK
005 20030212073700.0
008 030208s1964 xr f cze d
040 |a BOA001  |b cze  |c BOA001 
080 |a 681.142-83  |2 MRF 
080 |a 684.142.2  |2 MRF 
100 1 |a Kolář, Jaroslav  |7 jx20040816013  |4 aut 
245 1 0 |a Příprava programů pro tabelátor ARITMA 320.  |n Díl 2 /  |c Jaroslav Kolář ... [et. al.] 
260 |a Praha :  |b Aritma,  |c 1964 
300 |a 331 s., 1 příl. 
910 |a BOA001  |b TK-A-0122.141,2 
990 |a BK 
996 6 |b BC-77347  |c TK-A-0122.141,2  |l MZK  |r Sklad / do 24 hodin  |n 0  |w 000652574  |u 000010  |a 1  |e BOA001  |j MZK50  |s P